Participación
Saved in:
| Corporate Author: | |
|---|---|
| Format: | Journal |
| Language: | Spanish |
| Published: |
Lima :
[s.n.],
|
| Subjects: |
| LEADER | 00623cas#a2200241#a#4500 | ||
|---|---|---|---|
| 001 | 015674 | ||
| 003 | AR-BeUNQ | ||
| 005 | 20191122144723.0 | ||
| 008 | 000511c1973####pe####p#############spa#d | ||
| 999 | |c 26326 |d 109132 | ||
| 040 | |a AR-beUNQ |e aacr | ||
| 099 | |a P-PE-PAR1 [Fondo Reservado] | ||
| 110 | 2 | |a Participación | |
| 245 | 0 | 0 | |a Participación |c Participación. |
| 260 | |a Lima : |b [s.n.], | ||
| 300 | |a v. | ||
| 592 | |a Fondo Reservado | ||
| 650 | 7 | |a Política |2 Spines | |
| 650 | 7 | |a REVOLUCIONES PolíticaS |2 Spines | |
| 651 | 7 | |a PERU |2 Spines | |
| 866 | 0 | |a 1973 2(2-3); 1974 3(5); 1975 4(6); | |
| 929 | |j 23592 | ||
| 942 | |c REV |n 0 | ||